00462nam a2200157Ia 450000500170000000800410001708200130005810000110007124500180008226000470010030000190014765000180016694200060018495200990019099900150028920250405145334.0240331s9999 xx 000 0 und d bSVSa894 aS.V.S, 0aEnrum yuvathi aChennaibSri Puvenshwari pathippagamc1990 aViii, 208 p ., aShort Stories cL 001040708LaWERCLbWERCLcSSCd2024-03-31l0o 894.811 SVSp3666r2024-03-31w2024-03-31yL c3771d3771